00554nam a2200121Ia 4500001000400000008004100004082002600045100006500071245020100136260005300337901002700390999001500417928241024s9999 xx 000 0 und d aRD/372.1/R426p/PROFEI aRepública Dominicana.Secretaría de Estado de Educación 0aProyecto Fortalecimiento de la Educación Inicial Jornada sobre políticas Públicas e Indicadores de Calidad en los Procesos Educativos del Nivel Inicial, Compendio Documentos Primera Infancia bDirección General de Educación Inicialc2004 a9/12/2010 2:36:17 p.m. c8726d8726